Notre-Dame of Paris / (Record no. 232639)

000 -LEADER
fixed length control field 01317cam a2200349 i 4500
001 - CONTROL NUMBER
control field 870318
003 - CONTROL NUMBER IDENTIFIER
control field Nust
005 - DATE AND TIME OF LATEST TRANSACTION
control field 20170221183008.0
008 - FIXED-LENGTH DATA ELEMENTS--GENERAL INFORMATION
fixed length control field 790118s1978 enk 000 1 eng
010 ## - LIBRARY OF CONGRESS CONTROL NUMBER
LC control number 79300035
015 ## - NATIONAL BIBLIOGRAPHY NUMBER
National bibliography number GB78-27700
020 ## - INTERNATIONAL STANDARD BOOK NUMBER
International Standard Book Number 9780140443530
Terms of availability £1.50 ($3.95)
040 ## - CATALOGING SOURCE
Original cataloging agency DLC
Transcribing agency DLC
Modifying agency DLC
-- OCoLC
-- DLC
041 1# - LANGUAGE CODE
Language code of text/sound track or separate title engfre
043 ## - GEOGRAPHIC AREA CODE
Geographic area code e-fr---
050 00 - LIBRARY OF CONGRESS CALL NUMBER
Classification number PZ3.H875
Item number No 1978
082 00 - DEWEY DECIMAL CLASSIFICATION NUMBER
Classification number 843.7
Author Mark HUG
100 1# - MAIN ENTRY--PERSONAL NAME
Personal name Hugo, Victor,
Dates associated with a name 1802-1885.
240 10 - UNIFORM TITLE
Uniform title Notre-Dame de Paris.
Language of a work English
245 10 - TITLE STATEMENT
Title Notre-Dame of Paris /
Statement of responsibility, etc. by Victor Hugo ; translated [from the French] by John Sturrock.
260 ## - PUBLICATION, DISTRIBUTION, ETC.
Place of publication, distribution, etc. Harmondsworth ;
-- New York :
Name of publisher, distributor, etc. Penguin,
Date of publication, distribution, etc. 1978.
300 ## - PHYSICAL DESCRIPTION
Extent 498 p. ;
Dimensions 18 cm.
490 0# - SERIES STATEMENT
Series statement Penguin classics
500 ## - GENERAL NOTE
General note Translation of Notre-Dame de Paris.
651 #0 - SUBJECT ADDED ENTRY--GEOGRAPHIC NAME
Geographic name France
General subdivision History
Chronological subdivision Louis XI, 1461-1483
General subdivision Fiction.
651 #0 - SUBJECT ADDED ENTRY--GEOGRAPHIC NAME
Geographic name Paris (France)
General subdivision History
Chronological subdivision To 1515
General subdivision Fiction.
655 #7 - INDEX TERM--GENRE/FORM
Genre/form data or focus term Romances.
Source of term gsafd
700 1# - ADDED ENTRY--PERSONAL NAME
Personal name Sturrock, John.
856 42 - ELECTRONIC LOCATION AND ACCESS
Materials specified Contributor biographical information
Uniform Resource Identifier <a href="http://www.loc.gov/catdir/enhancements/fy1206/79300035-b.html">http://www.loc.gov/catdir/enhancements/fy1206/79300035-b.html</a>
856 42 - ELECTRONIC LOCATION AND ACCESS
Materials specified Publisher description
Uniform Resource Identifier <a href="http://www.loc.gov/catdir/enhancements/fy1505/79300035-d.html">http://www.loc.gov/catdir/enhancements/fy1505/79300035-d.html</a>
906 ## - LOCAL DATA ELEMENT F, LDF (RLIN)
a 7
b cbc
c orignew
d 3
e ncip
f 19
g y-gencatlg
942 ## - ADDED ENTRY ELEMENTS (KOHA)
Source of classification or shelving scheme
Koha item type Book
Holdings
Withdrawn status Lost status Source of classification or shelving scheme Damaged status Not for loan Collection code Permanent Location Current Location Shelving location Date acquired Total Checkouts Total Renewals Full call number Barcode Date last seen Date last checked out Copy number Price effective from Koha item type
            Central Library (CL) Central Library (CL) Fiction 02/21/2017 1 3 843.7 HUG CL832 02/28/2026 01/03/2026 1 02/21/2017 Book
© 2023 Central Library, National University of Sciences and Technology. All Rights Reserved.